000 01284nam a2200361 i 4500
001 13286
003 KOSZ 005
005 20201009115343.0
008 070620s1968 pl a f f 001 0 pol
015 _aPB 1968/2847
040 _aWA N
_cWA N
_dKOSZ 005/RW
_dKOSZ 005/HR
046 _k1968
080 _a621.4
100 1 _aKrępeć, Tadeusz
_d( -1999)
_eAutor
245 1 0 _aObsługa i naprawa aparatury paliwowej silników wysokoprężnych /
_cTadeusz Krępeć, Henryk Falkowski.
260 _aWarszawa :
_bWydawnictwa Naukowo-Techniczne,
_c1968.
300 _a199, [1] stron, [1] karta tablic :
_bilustracje ;
_c24 cm.
336 _aTekst
_btxt
_2rdacontent
337 _aBez urządzenia pośredniczącego
_bn
_2rdamedia
338 _aWolumin
_bnc
_2rdacarrier
380 _aKsiążki
380 _aPublikacje fachowe
388 _a1901-2000
388 _a1945-1989
504 _aBibliografia na stronie [193]. Indeks.
650 4 _aSilniki Diesla
650 4 _aRemont
658 _aInżynieria i technika
700 1 _aFalkowski, Henryk
_eAutor
710 2 _aWydawnictwa Naukowo-Techniczne
_4pbl.
856 _uhttp://koha.tu.koszalin.pl/cgi-bin/koha/opac-detail.pl?biblionumber=13286
_yKatalog online BPK
942 _2UKD
_cKS
999 _c13286
_d13286